000
00197 a2200097 4500
001
45958
100
_a
Morris P
245
_a
Aston Villa
260
_a
London
_b
Naldrelt
_c
090
_c
29075
_d
29075
942
_a
NUST-CAE
_c
M
_c
21197
999
_c
281031
_d
281031